Sacred violence (Record no. 72571)
[ view plain ]
| 000 -LEADER | |
|---|---|
| fixed length control field | 01756nam a2200421 a 4500 |
| 082 04 - DEWEY DECIMAL CLASSIFICATION NUMBER | |
| Classification number | 341.6 |
| 100 1# - MAIN ENTRY--AUTHOR NAME | |
| Personal name | Kahn, Paul W., |
| 245 10 - TITLE STATEMENT | |
| Title | Sacred violence |
| 260 ## - PUBLICATION, DISTRIBUTION, ETC. (IMPRINT) | |
| Place of publication | Ann Arbor : |
| Name of publisher | University of Michigan Press, |
| Year of publication | c2008. |
| 300 ## - PHYSICAL DESCRIPTION | |
| Number of Pages | 233 p. |
| 490 1# - SERIES STATEMENT | |
| Series statement | Law, meaning, and violence |
| 505 0# - FORMATTED CONTENTS NOTE | |
| Formatted contents note | Torture and sovereignty -- Torture and international law -- The current debate : torture in the War on Terror -- A primer on political violence -- Crossing the border between law and sovereignty. |
| 650 #0 - SUBJECT ADDED ENTRY--TOPICAL TERM | |
| Topical Term | Torture. |
| Topical Term | Sovereignty. |
| Topical Term | Political violence. |
| Topical Term | Terrorism |
| 856 40 - ELECTRONIC LOCATION AND ACCESS | |
| Uniform Resource Identifier | http://site.ebrary.com/lib/rucke/Doc?id=10335362 |
No items available.
